000 00756nam a2200253 i 4500
001 bg
100 1 _aDUBIK, Bogusława
245 1 0 _aElementy interferometrii /
_cBogusława Dubik, Marek Zając.
260 _aWrocław :
_bOficyna Wydawnicza Politechniki Wrocławskiej,
_c1998.
300 _a305, [1] s. :
_brys., wykr. ;
_c24 cm.
500 _aMateriały dydaktyczne Instytutu Fizyki Politechniki Wrocławskiej.
504 _aBibliogr. s. [306].
650 9 _aInterferencja
650 9 _aOptyka
655 _aPodręczniki akademickie
700 1 _aZAJĄC, Marek
020 _a8370853366
040 _cBPK
041 0 _apl
080 _a535.4(075.8)
920 _a83-7085-336-6
942 _cKS
008 s pl f |000 0 pol
999 _c34055
_d34055
856 _uhttp://koha.tu.koszalin.pl/cgi-bin/koha/opac-detail.pl?biblionumber=34055
_yKatalog online BPK